Hệ thống hóa các văn bản pháp luật về dân sự và tố tụng dân sự

Guardat en:
Dades bibliogràfiques
Format: Llibre
Idioma:Undetermined
Publicat: Hà Nội Pháp lý 1997
Matèries:
Etiquetes: Afegir etiqueta
Sense etiquetes, Sigues el primer a etiquetar aquest registre!
Thư viện lưu trữ: Trung tâm Học liệu Trường Đại học Cần Thơ
LEADER 00540nam a2200169Ia 4500
001 CTU_28649
008 210402s9999 xx 000 0 und d
082 |a 347.597 
082 |b H250 
245 0 |a Hệ thống hóa các văn bản pháp luật về dân sự và tố tụng dân sự 
260 |a Hà Nội 
260 |b Pháp lý 
260 |c 1997 
650 |a Civil procedure 
650 |z Vietnam 
904 |i Nguyễn Quang Điền,Nguyên 
980 |a Trung tâm Học liệu Trường Đại học Cần Thơ